000 00428nam a2200145Ia 4500
003 GCL
008 140319s9999 xx 000 0 eng d
040 _aGCL /
_cGCL
082 0 4 _a327
_bH S
100 1 _aHASLSTI, K. J.
245 1 0 _aINTERNATIONAL POLITICS A FRAMEWORK FOR ANALYSIS /
_cHASLSTI, K. J.
260 _a[S.N] :
_bPRENTIC- HALL OF INDIA PRIVTE LIMITED ،
_c1995
650 0 4 _aINTERNATIONAL POLITICS
942 _2ddc
_cBK
999 _c10800
_d10800